00659cam a22002171a 4500001001300000003000400013005001700017008004100034010001700075035002000092040002000112042001200132043001200144050002900156110002600185245011800211260004900329300002000378700002600398999001700424ne 61000033 DLC20260227111733.0911217s1959 gw 000 0 ger  ane 61000033  a(OCoLC)25522629 aDLCcNNC-LdDLC apremarc af-ua---00aKRM1264.31959b.A67 19591 aUnited Arab Republic.14aDas Arbeitsgesetz der Vereinigten Arabischen Republik /caus dem Arabischen übersetet von Norbert F. Küppers. aFrankfurt/Main :bVerlag Kommentator,c1959. a83 p. ;c21 cm.1 aKüppers, Norbert F. c44917d44917